LIBRARY & INFORMATION CENTRE, KCAET, TAVANUR

ONLINE PUBLIC ACCESS CATALOGUE (OPAC)

Robinson Crusoe / (Record no. 6886)

MARC details
000 -LEADER
fixed length control field 00377cam a2200157ua 4500
041 ## - LANGUAGE CODE
Language code of text/sound track or separate title eng
082 ## - DEWEY DECIMAL CLASSIFICATION NUMBER
Classification number 823.308
Item number DEF/RO
100 ## - MAIN ENTRY--AUTHOR NAME
Personal name Defoe, Daniel.
245 ## - TITLE STATEMENT
Title Robinson Crusoe /
250 ## - EDITION STATEMENT
Edition statement 1 /
260 ## - PUBLICATION, DISTRIBUTION, ETC. (IMPRINT)
Place of publication London :
Name of publisher J M Dent and Sons Ltd ,
Year of publication 1962.
300 ## - PHYSICAL DESCRIPTION
Number of Pages 450 ; .
942 ## - ADDED ENTRY ELEMENTS (KOHA)
Koha item type Books
Holdings
Withdrawn status Lost status Damaged status Home library Current library Date acquired Full call number Accession Number Koha item type
Withdrawn     KAUAET KAUAET 13/11/2023 823.308 DEF/RO 8422 Books
Withdrawn     KAUAET Sanskrit University 07/04/2012 823.308 4243 Books
free website counter